000 00516nam a22001697a 4500
005 20251108165157.0
008 250721s1998 xx 000 0 ara d
082 1 4 _a368/محم
100 1 _aناصر، محمد جودت
245 1 0 _aإدارة أعمال التأمين بين النظرية و التطبيق /
264 1 _aعمان :
_bدار مجدلاوي للنشر،
_c1998.
300 _a312ص
650 1 7 _aالتأمين
650 1 7 _aإدارة الأعمال
942 _2ddc
_cBK
999 _c21357
_d21357